000 00504nam a2200193 a 4500
001 1766491393707
003 ACL
005 20251223173704.0
008 251223s1994##################000#0#eng##
020 _a9780671502270
082 0 4 _a649.1
_bVAN
100 1 _aVannoy, Steven W.,
_eauthor.
245 1 0 _aThe 10 Greatest Gifts I Give My Children :
260 _bSimon and Schuster,
_c1994.
300 _a274 pages
650 0 _aFamily & Relationships.
942 _cENGLISH
040 _aACL
_beng
_cACL
999 _c604324
_d604324